000 00372pab a2200145 454500
008 180718b1989 xxu||||| |||| 00| 0 eng d
100 _aSebastian, P.A.
245 _aDecay of parliamentary institutions in India
260 _c1989
300 _a1749-50
362 _a5 Aug.
650 _aLegislators - India
773 _aEconomic and Political Weekly
909 _a12571
999 _c12571
_d12571